000 00360nam a2200157Ia 4500
008 210210b1954 xxu||||| |||| 00| 0 eng d
041 _aeng
082 _a829/354
100 _aEDWARDS (E J)
245 _aDark enemy
260 _aNew York
_bLongman Green & Co.
_c1954
650 _aenemy
650 _aDark
690 _aEnglish Fiction
906 _a016958
999 _c136896
_d136896